Brontosaurus y la nalga del ministro : reflexiones sobre historia natural /

La presente es una obra de divulgación científica realizada por uno de los más prestigiados paleontólogos norteamericanos, Stephen Jay Gould, quien además de esta obra, ha publicado El pulgar del panda, obra reconocida con el American Book Award,; La sonrisa del famenco, así como La vida maravillosa...

Descripció completa

Guardat en:
Dades bibliogràfiques
Autor principal: Gould, Stephen Jay (autor)
Altres autors: Ros, Joandomènec (traducción) (traducción)
Format: Llibre
Idioma:espanyol
Publicat: Barcelona, España : Crítica, 1993, c1993
Col·lecció:(Drakontos)
Matèries:
Etiquetes: Afegir etiqueta
Sense etiquetes, Sigues el primer a etiquetar aquest registre!

MARC

LEADER 00000nam^a2200000^a^4500
001 000153093
005 20250521000000.0
009 20260310100305.818
020 |a 84-7423-575-8 
037 |a Acervo ITESO - Biblioteca 
041 |a ESP 
082 |a 575. 01  |b GOU 
100 |a Gould, Stephen Jay  |e (autor) 
245 1 0 |a Brontosaurus y la nalga del ministro :  |b reflexiones sobre historia natural /  |c S.J. Gould ; tr. por J. Ros. 
264 4 |a Barcelona, España :  |b Crítica,  |c 1993, c1993 
300 |a 485 p. 
336 |a texto  |b txt  |2 rdacontenido 
337 |a sin mediación  |b n  |2 rdamedio 
338 |a volumen  |b nc  |2 rdasoporte 
440 1 |a (Drakontos) 
500 |a Traducción de: Bully for Brontosaurus. Reflections in Natural History 
520 |a La presente es una obra de divulgación científica realizada por uno de los más prestigiados paleontólogos norteamericanos, Stephen Jay Gould, quien además de esta obra, ha publicado El pulgar del panda, obra reconocida con el American Book Award,; La sonrisa del famenco, así como La vida maravillosa. 
649 |a XX 
650 |a Evolución 
650 |a Paleontología 
650 |a Vida (Biología) 
650 |a Dinosaurios 
650 |a Genética 
650 |a Ecología 
650 |a Biología 
650 |a Historia Natural 
650 |a Ciencias Naturales 
650 |a Tecnología 
650 |a Ciencia -  |x Difusión 
650 |a Epistemología 
700 |a Ros, Joandomènec  |e (traducción) 
910 |a Fondo General 
920 |a Impresos - Libros 
930 |a Colección General 
905 |a 101 
901 |a 0500081559  |b IT1  |c ACC  |u 20250521 
902 |a https://opac.biblio.iteso.mx/vufind/Record/000153093